| 000 | 01163nam a2200289 a 4500 | ||
|---|---|---|---|
| 005 | 2009051804374.0 | ||
| 008 | 931110s1994 fluaf b 001 0 eng | ||
| 010 | _aENG-93575 | ||
| 020 |
_a9788180940378 _c240.00 |
||
| 035 | _aEN-77108 | ||
| 035 | _aG-001286 | ||
| 037 | _bDBAD / PUB | ||
| 040 |
_adpl _bEnglish |
||
| 082 | _a630 | ||
| 100 |
_aNirmala, C.B. _934422 |
||
| 245 |
_aPlant biotechnology / _cby C.B. Nirmala, G. Rajalakshmi [and] Chandra Karthik |
||
| 260 |
_aChennai _bMJP Publishers _c2009 |
||
| 270 |
_a47, Nallathambi Street, Triplicane _bChennai _e600005 |
||
| 300 |
_axx, 381p.: _c22cm(pbk) _bill. |
||
| 500 | _aIncludes glossary, references and index | ||
| 650 |
_aPlant biotechnology _934423 |
||
| 700 |
_aRajalakshmi, G. _934424 |
||
| 700 |
_aChandra Karthick _934425 |
||
| 942 |
_2ddc _cEN _mNIR _h630 |
||
| 999 |
_c26518 _d26518 |
||